000 00615nam a2200169 4500
008 020619s1994 ph eng
090 _aRA778 W84u
110 2 _aUniversity for Women's Studies
245 1 0 _aWomen's health :
_brealities and prospects : a research report /
_cUniversity for Women's Studies.
260 _aQuezon City :
_bUCWS,
_c1994.
300 _axii, 75 p.
505 0 _avol. I
651 4 _aHealth education of women
_zPhilippines.
651 4 _aWomen
_xHealth and hygiene
_zPhilippines.
651 4 _aWomen
_zPhilippines.
951 _p25023
_x00027734
_oRA778 W84u-I
_j070613111126531
_d2000-12-21
_cFIL
999 _c8897
_d8897